000 00659nam a2200241Ia 4500
003 OSt
005 20230511160740.0
008 210423s2012 xx 000 0 und d
020 _a978-0-321-79579-3
040 _cAL
041 _aeng
082 _a574.192 MORP
100 _aMORAN (Laurence A);HORTON (H Robert);SCRIMGEOUR (K Gray);PERRY (Marc D)
_9103857
245 _aPrinciples of biochemistry Ed 5
250 _a5
260 _aNew Delhi
_bPearson
_c2012
300 _axxxiii,786
_bPB
365 _b4205.5
_cUSD
650 _aBiochemistry
_9103858
650 _aBiology
_9103859
906 _abiochemistry ; Ed ; Principles
942 _2ddc
_cBK
999 _c166112
_d166112